Ciudad Alternativa/
Sábháilte in:
| Údar corparáideach: | |
|---|---|
| Formáid: | LEABHAR |
| Teanga: | Spanish |
| Foilsithe / Cruthaithe: |
Quito, Ecuador:
Centro de Investigaciones Ciudad,
1989-
|
| Ábhair: | |
| Clibeanna: |
Cuir clib leis
Níl clibeanna ann, Bí ar an gcéad duine le clib a chur leis an taifead seo!
|
MARC
| LEADER | 00000nam a22000007a 4500 | ||
|---|---|---|---|
| 003 | cru CIDCACS/IIS | ||
| 005 | 20200611062549.0 | ||
| 007 | ta | ||
| 008 | 191205s1989 ec q||p|r||||||0| ||spa|| | ||
| 999 | |c 42722 |d 42722 | ||
| 040 | |c cru CIDCACS/IIS | ||
| 090 | |a REV0785 | ||
| 110 | 2 | |9 8851 |a Centro de Investigaciones Ciudad | |
| 245 | 1 | |a Ciudad Alternativa/ |c Centro de Investigaciones Ciudad | |
| 260 | |a Quito, Ecuador: |b Centro de Investigaciones Ciudad, |c 1989- | ||
| 270 | |a Ave. la Gasca 326 y Carvajal |b Quito |d Ecuador |e 17-08-8311 | ||
| 500 | |a EXISTENCIAS : 1989 1 (1) 1990 3 (4) 1991 3 (5, 9) 1992 3 (7, 8) 1993 3 (9) 1995 (1. II época) | ||
| 650 | 0 | |9 423 |a CONDICIONES DE VIDA | |
| 650 | 0 | |9 243 |a ESTADO | |
| 650 | 0 | |9 744 |a ZONAS URBANAS | |
| 650 | 4 | |9 3629 |a ARTE | |
| 650 | 0 | |a MOVIMIENTOS SOCIALES |9 3 | |
| 650 | 0 | |9 71 |a DESARROLLO ECONOMICO Y SOCIAL | |
| 942 | |2 ddc |c PP | ||
